Middle East (Naher Osten) - Statistiken

Allgemein
  • Dieses Quiz wurde 92 mal gespielt
  • Das Durchschnittsergebnis liegt bei 11 aus 16
Antwortstatistiken
Bildquiz Antwort % Korrekt
Saudi Arabien
95%
Iran
92%
Syrien
87%
Armenien
85%
Irak
85%
Israel
85%
Libanon
84%
Katar
75%
Afghanistan
74%
Ägypten
66%
Georgien
66%
Pakistan
59%
Jemen
56%
Kurdistan
52%
Palästina
52%
Arabische Emirate
5%
Keine übereinstimmenden Quizze gefunden
Verteilung der Resultate
Anzahl Personen mit jedem Resultat
Perzentil nach korrekt beantworteten Fragen
Ihre Resultats-Entwicklung
Sie haben dieses Quiz noch nicht gespielt